[Event "EU-ch 6th"]
[Site "Warsaw"]
[Date "2005.06.29"]
[Round "11"]
[White "Mastrovasilis, Dimitrios"]
[Black "Kempinski, Robert"]
[Result "0-1"]
[WhiteElo "2562"]
[BlackElo "2627"]
[Annotator "Erenburg,S"]
[PlyCount "76"]
[EventDate "2005.06.18"]
[EventType "swiss"]
[EventRounds "13"]
[EventCountry "POL"]
[SourceTitle "CBM 108"]
[Source "ChessBase"]
[SourceDate "2005.09.26"]
[SourceVersion "1"]
[SourceVersionDate "2005.09.26"]
[SourceQuality "1"]

1. e4 c5 2. Nf3 d6 3. d4 cxd4 4. Nxd4 Nf6 5. f3 a6 {Other theoretical lines
are:} (5... Nc6 6. c4 Qb6 7. Nc2 g6 8. Nc3 Bg7 {1-0 Erenburg,S-Ilincic,Z/FSGM
September, Budapest HUN 2004/[Erenburg] (38)}) (5... e5 6. Nb3 d5 $6 7. Bg5 Be6
8. Bxf6 gxf6 9. exd5 Qxd5 10. Qxd5 Bxd5 11. Nc3 Be6 {0-1 Seeman,T-Short,N/
Tallinn/ Parnu 1998/CBM 066/[Short] (34)}) 6. c4 {White builds a strong centre,
in order to prevent Black's counterplay with d6-d5.} e6 7. Nc3 Be7 8. Be2 O-O
9. Be3 {covering the g1-a7 diagonal, and, at the same time, keeping the option
of a long castle available.} Nbd7 {Other options of the development are:} (9...
Bd7 10. O-O Nc6 11. Qd2 {1-0 Yandemirov,V-Zakharov,A/St Petersburg 1997/CBM
062/[Gofshtein,L] (31)}) (9... Qc7 10. Rc1 b6 11. O-O Bb7 12. Qd2 Nbd7 13. Rfd1
Rac8 14. Bf1 {1/2-1/2 Bezgodov,A-Loskutov,O/Omsk 1996/CBM 057/[Yudasin,L] (40)}
) 10. g4 $5 $146 {[%csl Yd7][%cal Gg4g5] White tries to emphasize the
background in location of Black's knight after his previous move. In the
preceding game White continued} (10. O-O Qc7 11. Rc1 b6 12. Qd2 Bb7 13. Rfd1
Rac8 14. Kh1 Qb8 15. Bg1 Bd8 16. Nc2 Bc7 17. Ne3 Rfe8 18. Bf1 Rcd8 19. b4 Ne5
20. a4 Re7 21. Qa2 $14 {1/2-1/2 Yandemirov,V-Slugin,S/Voronezh 2004/EXT 2005 
(56)}) 10... d5 $1 {According to the well-known rule, the best reaction
against opponent's initiative on the flank is the counterplay in the centre.}
11. cxd5 exd5 12. g5 Ne8 13. f4 {protecting the important g5 pawn, that limits
possibilities of Black's kingside light pieces.} ({Worth consideration:} 13.
Nxd5 Bxg5 14. Bxg5 Qxg5 15. Nf5 Ndf6 $1 $15 (15... Qg2 16. Kd2 $13)) 13... dxe4
14. Qc2 {preparing long castle.} ({I think, White should have prefered} 14. Nf5
Bb4 15. O-O Bxc3 16. bxc3 $13) 14... Nc5 15. O-O-O ({After} 15. Nxe4 Nxe4 16.
Qxe4 Bb4+ 17. Kf2 Nd6 $15 {White's king remains in the centre.}) 15... Nd6 (
15... Qa5 $5 16. Kb1 $1 {[%cal Gc3d5]} Nc7 17. f5 $44) 16. Rhg1 $6 {I think,
after this move, White is worse...} ({White should have activated his pieces:} 
16. Nd5 $1 Be6 17. Nxe6 Nxe6 18. Qd2 Nf5 19. Bg4 Nxe3 20. Qxe3 $13) (16. Kb1
Bd7 $17 {[%cal Ga8c8]}) 16... Qa5 $1 {preventing White's occupation of the d5
square.} 17. Kb1 {Moving away the king from the open "c" file.} (17. Nd5 {
is met by} Nd3+ $19) 17... Nd3 $1 18. Rxd3 $6 {Dubious exchange sacrifice.
White's position is a bit worse, but there is not a reason to go "va-bank".} ({
After} 18. Bxd3 exd3 19. Rxd3 Bd7 $15 {Black's position is better, thanks to
the pair of bishops.}) 18... exd3 19. Bxd3 g6 $17 20. h4 {White tries to get
an attack on the kingside before Black exchanges some of his active pieces.} (
20. Nb3 {doesn't promise sufficient compensation:} Qd8 21. Nd5 Nf5 22. Nxe7+
Nxe7 {[%cal Gd8d3,Yc8f5]} 23. Rd1 Bg4 $17) 20... Rd8 {covering the squares on
the "d" file.} ({Worse is} 20... Bf5 $2 21. Nxf5 Nxf5 22. Bxf5 Qxf5 23. Qxf5
gxf5 24. Nd5 $44) 21. h5 (21. Nb3 {doesn't improve White's position.} Qc7 22.
Nd5 Qxc2+ 23. Bxc2 Nf5 24. Nxe7+ Nxe7 25. Bb6 Re8 $17) {[%tqu "En","Black is
exchange up, but white has some threats on the kingside. How would you
neutralize white's activity?","","","c8f5","",10]} 21... Bf5 $1 {neutralizing
White's threats.} ({Worse is} 21... Nb5 $2 22. Ndxb5 axb5 23. hxg6 hxg6 24.
Bxg6 $13) 22. hxg6 ({White doesn't have too many chances in the endgame:} 22.
Nxf5 Nxf5 23. Bxf5 Qxf5 24. Qxf5 gxf5 $17) 22... hxg6 23. Nxf5 Nxf5 24. Rh1 {
[%cal Gc2h2]} Kg7 $19 {parrying White's threat on the "h" file. Now Black is
an exchange up without any compensation for the first player. The rest is a
matter of an easy technique.} 25. Bd2 (25. Bc1 Rac8 $19) 25... Rac8 {[%cal
Gf5d4]} 26. Ne4 Bb4 ({Of course not} 26... Qd5 $4 27. Bc3+) 27. Bc3+ Bxc3 28.
Nxc3 Rh8 {occupying the "h" file.} 29. Rc1 Rh4 30. Qb3 Rc7 {covering the 7-th
rank.} 31. Rf1 Nd4 32. Qd5 (32. Qd1 Rh2 33. Qe1 Rc5 $19) 32... Qxd5 33. Nxd5
Rc5 {After exchange of the queens, White has no chance.} 34. Be4 Ne6 35. Bg2 b5
36. a3 Rc4 {increasing material advantage.} 37. f5 (37. b3 Rd4 $19 {[%cal
Gh4h2]}) 37... Nxg5 38. fxg6 fxg6 {Probably, White lost on time, but anyway,
his position is hopeless.} 0-1

[Event "Buenos Aires Sicilian"]
[Site "Buenos Aires"]
[Date "1994.10.19"]
[Round "6"]
[White "Salov, Valery"]
[Black "Ljubojevic, Ljubomir"]
[Result "1-0"]
[WhiteElo "2710"]
[BlackElo "2580"]
[Annotator "Ftacnik,L"]
[PlyCount "87"]
[EventDate "1994.10.12"]
[EventType "tourn"]
[EventRounds "14"]
[EventCountry "ARG"]
[EventCategory "18"]
[SourceTitle "CBM 044"]
[Source "ChessBase"]
[SourceDate "1995.02.01"]
[SourceVersion "1"]
[SourceVersionDate "1995.02.01"]
[SourceQuality "1"]

1. e4 c5 2. Nf3 d6 3. d4 cxd4 4. Nxd4 Nf6 5. f3 e5 6. Bb5+ Bd7 $2 (6... Nbd7)
7. Bxd7+ Qxd7 8. Nf5 d5 9. Bg5 $1 dxe4 (9... d4 10. Bxf6 gxf6 $16) 10. Bxf6
Qxd1+ (10... Qxf5 $4 11. Qd8#) 11. Kxd1 gxf6 12. fxe4 Nc6 13. c3 $16 (13. Nc3
Rd8+ 14. Nd5 Ne7 15. Nfxe7 Bxe7 $14) 13... Rg8 14. g3 Rd8+ 15. Nd2 Ne7 16. Kc2
$1 Kd7 (16... Nxf5 17. exf5 Rg4 18. Rae1 $16) 17. Rad1 $1 Kc6 (17... Ke6 18.
Nb3 Nc6 (18... Rxd1 19. Nc5# $1) 19. Rxd8 Nxd8 20. Rd1 Nc6 21. Rd3 $18) (17...
Nxf5 18. exf5 $18) 18. Nf3 Rxd1 19. Nxe7+ $1 (19. Rxd1 Nxf5 20. exf5 Bh6 $14)
19... Bxe7 20. Rxd1 Rd8 21. Rxd8 (21. Rf1 $16) 21... Bxd8 22. Nh4 Be7 23. Nf5
Bf8 24. b4 Kd7 25. Kb3 Kc6 26. Kc4 a6 27. a4 b6 (27... b5+ 28. axb5+ axb5+ 29.
Kb3 Kb6 30. c4 bxc4+ 31. Kxc4 $18) 28. g4 b5+ 29. Kb3 Kd7 30. Ne3 (30. axb5
axb5 31. c4 $18) 30... Bh6 31. Nd5 Bg5 32. c4 Kc6 33. Nc3 bxc4+ 34. Kxc4 Bh4
35. Nd5 Bg5 36. h3 $22 Bh4 37. Ne7+ Kd7 38. Nf5 Be1 39. b5 axb5+ 40. Kxb5 $1
Bd2 41. Kb6 Be1 42. a5 Bf2+ 43. Kb7 Ke6 44. Kc6 (44. Kc6 Bg1 45. a6 Bf2 46. Nd6
Bg1 47. Nc8 Bf2 48. Nb6 $18) 1-0

[Event "RUS-Cup01 Chigorin Memorial"]
[Site "St Petersburg"]
[Date "1997.11.04"]
[Round "4"]
[White "Yandemirov, Valeri"]
[Black "Zakharov, Alexander S"]
[Result "1-0"]
[WhiteElo "2500"]
[BlackElo "2360"]
[Annotator "Gofshtein,L"]
[PlyCount "61"]
[EventDate "1997.11.01"]
[EventType "swiss"]
[EventRounds "9"]
[EventCountry "RUS"]
[SourceTitle "CBM 062"]
[Source "ChessBase"]
[SourceDate "1998.01.31"]
[SourceVersion "1"]
[SourceVersionDate "1998.01.31"]
[SourceQuality "1"]

1. e4 c5 2. Nf3 d6 3. d4 cxd4 4. Nxd4 Nf6 5. f3 e6 (5... Nc6 6. c4 Qb6) (5...
e5 6. Nb3 Be7 7. c4 a5) 6. c4 Be7 7. Nc3 O-O 8. Be3 a6 9. Be2 Bd7 10. O-O Nc6
11. Qd2 Ne5 $6 (11... Qb8 $5 {With idea 12...ND4 13.Bd4 b5}) 12. b3 Qc7 13.
Rac1 (13. f4 Neg4 14. Nc2 Nxe3 15. Qxe3 e5 16. f5 d5 17. Qf3 d4 18. Nd5 Nxd5
19. exd5 Bf6 20. g4 h6 21. Qg3 Qd8 22. Ne1 Re8 23. Ng2 e4 24. Rae1 Rc8 25. h4
d3 26. Bd1 b5 27. cxb5 Bxb5 {Boskova,L-Kuttenberg,K/Klatovy op-B 1997/EXT 97/
0-1 (43)}) 13... Rac8 14. Kh1 Qb8 15. f4 Nc6 (15... Neg4 16. Bg1) (15... Ng6
16. f5) 16. Bd3 b5 (16... Nxd4 17. Bxd4 e5 18. Be3 exf4 19. Bxf4 $16) 17. cxb5
Nxd4 18. Bxd4 e5 (18... axb5 19. e5 $40) 19. Be3 axb5 20. Nd5 Nxd5 21. exd5
exf4 $6 (21... f5 22. Rxc8 Qxc8 23. Qb4) (21... Qb7 $142) 22. Bxf4 b4 $6 (22...
Qb6) 23. Rc4 $1 Rxc4 24. bxc4 $16 {[%csl Rb4,Rd6] white has the advantage
mainly because of black's weak "b4" pawn} Qb6 25. Be3 Qa5 26. Bd4 f5 (26... Ra8
27. Qf4 Be8 28. Qe4 $18) 27. a3 $18 Qxa3 $2 (27... Rb8 28. Rb1) (27... Qc7 28.
axb4) 28. Ra1 Qb3 29. Ra7 Rf7 (29... Rd8 30. Bb6) 30. Rxd7 Bg5 31. Qe2 1-0

[Event "WchT 4th"]
[Site "Luzern"]
[Date "1997.10.30"]
[Round "6.4"]
[White "Zvjaginsev, Vadim"]
[Black "Novikov, Igor A"]
[Result "1-0"]
[WhiteElo "2635"]
[BlackElo "2590"]
[Annotator "Gofshtein,L"]
[PlyCount "109"]
[EventDate "1997.10.25"]
[EventType "team-tourn"]
[EventRounds "9"]
[EventCountry "SUI"]
[SourceTitle "CBM 062"]
[Source "ChessBase"]
[SourceDate "1998.01.31"]
[SourceVersion "1"]
[SourceVersionDate "1998.01.31"]
[SourceQuality "1"]
[WhiteTeam "Russia"]
[BlackTeam "Ukraine"]
[WhiteTeamCountry "RUS"]
[BlackTeamCountry "UKR"]

1. e4 c5 2. Nf3 d6 3. d4 cxd4 4. Nxd4 Nf6 5. f3 e5 (5... Nc6 6. c4 Qb6 $5 7.
Nc2 g6 8. Nc3 Bg7 9. Qd3 $1 Ne5 10. Qe3 Qc7 11. b3 a6 12. Bd2 O-O 13. Rc1 e6
14. f4 Ned7 15. Be2 b6 $14 {Jagupov-Timoshenko,1996,Sankt-Peterburg}) (5... e6
6. c4 Nc6 7. Nc3 Be7 8. Be3 O-O 9. Nc2 d5 10. cxd5 exd5 11. Nxd5 Nxd5 12. Qxd5
Qc7 $44 {Lombardy-Fisher,USA ch 1961}) 6. Nb3 (6. Bb5+ Nbd7 7. Nf5 d5 $5 8.
exd5 a6 9. Bxd7+ Qxd7 10. Ne3 b5 11. c4 Bc5 12. Nc3 O-O 13. cxb5 axb5 14. O-O
Bd4 $11 {Beli-Navarovski,1954}) (6. Nb5 a6 7. N5c3 Be6 8. Nd5 Nxd5 9. exd5 Bc8
10. Be3 Be7 11. Qd2 f5 12. c4 $13 {Smyslov-Bondarevskij,1941 USSR}) 6... Be7 (
6... d5 7. Bg5 Be6 8. Bxf6 gxf6 9. exd5 Qxd5 10. Qxd5 Bxd5 11. Nc3 Be6 12.
O-O-O Nc6 13. Bb5 a6 14. Bxc6+ bxc6 15. Na5 $1 Bb4 $1 16. Nxc6 Bxc3 17. bxc3
Bxa2 18. Rd6 Be6 19. c4 $1 O-O 20. c5 $14 {Zvjagincev-Shipov,Russia 1997}) (
6... Be6 7. c4 Nbd7 8. Be3 Rc8 9. N3d2 Nb6 10. b3 Nh5 11. Nc3 Be7 12. g3 g6 13.
Bg2 O-O 14. O-O f5 $13 {Maljitin-Obuhov,USSR 1991}) 7. c4 a5 (7... O-O 8. Nc3
a5 9. Be3 a4 10. Nd2 Qa5 11. a3 Bd7 12. Be2 Na6 13. O-O Nc5 $13 {Wolff-Browne,
USA 1992}) 8. Be3 a4 (8... O-O 9. Be2 a4 10. N3d2 Nfd7 11. O-O Nc6 12. Nc3 Bg5
13. Bf2 Nc5 14. Nb5 f5 15. exf5 Bxf5 16. Ne4 Bxe4 17. fxe4 Rxf2 18. Kxf2 Nxe4+
19. Kg1 Be3+ 20. Kh1 Qh4 21. Rf3 Nd4 22. Nxd4 Bxd4 23. g3 Qg5 24. Qc2 Nf2+ 25.
Kg2 Ng4 26. Qe4 Nf6 27. Qxb7 Rf8 28. Rd1 Bc5 29. b4 axb3 30. axb3 Qg6 31. Rd2
e4 32. Rf1 Qg5 33. Ra2 Qe3 34. b4 Bd4 35. c5 d5 36. c6 Ne8 37. Rxf8+ Kxf8 38.
Qd7 Qf2+ 39. Kh3 {1-0 Somlai,L-Lingnau,C/Budapest FS02 GM 1997/EXP 56}) 9. N3d2
Qa5 10. Be2 Bd8 $1 (10... O-O) 11. Nc3 $1 a3 $6 (11... Bb6 $2 12. Bxb6 Qxb6 13.
Nxa4) (11... Bd7 $2 12. c5 dxc5 13. Nc4 $40) (11... O-O $1 12. O-O (12. c5 dxc5
13. Nc4 Qc7 14. Qd6 $44) 12... Bb6 $11) 12. b4 $1 Qxb4 13. Nb5 O-O 14. Rb1 Qa5
15. Nxd6 $1 $16 (15. Rb3 Bb6 16. c5 (16. Rxa3 Qxa3 17. Nxa3 Bxe3 $44) 16...
Bxc5 17. Bxc5 dxc5 18. Rxa3 Qxa3 19. Nxa3 Rxa3 20. Nc4 Rxa2 21. Nxe5 $16) 15...
Qc7 16. Nb5 Qc6 17. Nc3 Nh5 $5 18. g3 Qg6 19. Nd5 Nc6 20. f4 $1 Nxf4 21. gxf4
exf4 22. Bf2 $6 (22. Nxf4 Bh4+ 23. Kf1 (23. Bf2 $6 Bxf2+ 24. Kxf2 Qf6 $13)
23... Qf6 24. Nf3 Rd8 25. Qc1 $18) 22... Re8 $6 (22... Qh6 23. h4 f5 24. exf5
Bxf5 25. Rxb7 Ba5) 23. Nxf4 Qd6 24. Bg3 Qd4 25. Nf3 Ba5+ $6 (25... Qxe4 $1 26.
Qd3 $1) 26. Kf1 Qxe4 27. Bd3 Qe7 28. Kg2 Bg4 29. Nd5 Qe6 30. h3 Bxf3+ 31. Qxf3
Ne5 32. Bxe5 Qxe5 33. Rhf1 $18 f6 34. Qf5 $6 (34. Rxb7 $18) 34... Qxf5 35. Rxf5
Ra7 36. Kf3 Bd8 37. Rf4 Rf8 38. Re4 Kf7 39. Re3 g6 40. Bf1 Kg7 41. Rbb3 f5 42.
Nf4 Kf6 43. Ne6 Re8 44. Nxd8 Rxd8 45. Rxa3 Rda8 46. Rxa7 Rxa7 47. a3 Kg5 48.
Rb3 b6 49. Kf2 Kh4 50. Rxb6 Rxa3 51. c5 Ra2+ 52. Be2 Kxh3 53. c6 Rc2 54. Rb4
Rxc6 55. Bf1+ 1-0

[Event "EU-chT (Men) 11th"]
[Site "Pula"]
[Date "1997.05.??"]
[Round "7.1"]
[White "Magem Badals, Jordi"]
[Black "Atalik, Suat"]
[Result "0-1"]
[WhiteElo "2570"]
[BlackElo "2555"]
[Annotator "Gofshtein,L"]
[PlyCount "64"]
[EventDate "1997.05.05"]
[EventType "team-swiss"]
[EventRounds "9"]
[EventCountry "CRO"]
[SourceTitle "CBM 057 Extra"]
[Source "ChessBase"]
[SourceDate "1997.05.01"]
[SourceVersion "1"]
[SourceVersionDate "1997.05.01"]
[SourceQuality "1"]
[WhiteTeam "Spain"]
[BlackTeam "Turkey"]
[WhiteTeamCountry "ESP"]
[BlackTeamCountry "TUR"]

1. e4 c5 2. Nf3 d6 3. d4 cxd4 4. Nxd4 Nf6 5. f3 Nc6 6. c4 Qb6 $6 7. Nb5 (7. Nc2
g6 8. Nc3 Bg7 9. Qd3 Ne5 10. Qe3 Qc7 11. b3 a6 12. Bd2 O-O 13. Rc1 e6 14. f4
Ned7 15. Be2 b6 16. O-O Bb7 17. b4 Rac8 18. Na1 Qb8 19. Nb3 Qa8 20. Bd3 Rfe8
21. Rfe1 e5 22. Nd5 b5 $15 {Yagupov-Timoshenko,rus1996}) 7... a6 8. N5c3 e6 9.
Be2 Be7 10. Na4 Qa7 11. Nbc3 O-O 12. Bf4 (12. Qd3 d5 13. cxd5 exd5 14. exd5 Nb4
15. Qd1 Bf5 $17) 12... Nh5 $1 (12... Rd8 13. Bg3 d5 14. cxd5 exd5 15. exd5 Nb4
16. Bf2 $16) 13. Bxd6 b5 (13... Rd8 $143 14. Bxe7 Rxd1+ 15. Rxd1 b6 16. Bd6 $44
) 14. Bxe7 (14. cxb5 $143 axb5 15. Bxb5 Rd8 16. Bxc6 Rxd6 $19) 14... Qxe7 15.
cxb5 axb5 16. Nb6 (16. Bxb5 Rd8 17. Qc1 Qh4+ $19) 16... Rd8 17. Qc1 (17. Nxa8
Qh4+ 18. Kf1 Ng3+ 19. hxg3 Qxh1+ 20. Kf2 Rxd1 21. Rxd1 Qh5 22. Bxb5 Qc5+ 23.
Kf1 Nd4 $19) 17... Rb8 18. Nxc8 Qh4+ 19. Kf1 b4 $1 (19... Ng3+ $143 20. hxg3
Qxh1+ 21. Kf2 Qxc1 22. Rxc1 Rbxc8 23. Nxb5 Rd2 24. Ke3 Rxb2 25. Nd6 Rc7 26. a4
$13) 20. Nb5 Rbxc8 (20... Ng3+ 21. hxg3 Qxh1+ 22. Kf2 Qxc1 23. Rxc1 Rbxc8 $17)
21. Qe1 Qg5 22. g3 Ne5 23. f4 (23. Kf2 Rc2) 23... Nxf4 24. gxf4 Qxf4+ 25. Qf2 (
25. Kg1 Rc2 $19) 25... Qxe4 26. Rg1 Rc2 $19 27. Re1 (27. Rg2 Rdd2 28. Re1 Nd3
29. Qg3 Qf4+ 30. Qxf4 Nxf4 31. Rf2 Nd3 $19) 27... Nd3 28. Rd1 g6 29. Rg2 (29.
Qg2 Qf4+ 30. Qf3 Qxf3+ 31. Bxf3 Rf2#) 29... Nxf2 30. Rxd8+ Kg7 31. Nd4 Rc1+ 32.
Kxf2 Qh4+ 0-1

[Event "Moscow Aeroflot op-A"]
[Site "Moscow"]
[Date "2005.02.15"]
[Round "1"]
[White "Naiditsch, Arkadij"]
[Black "Petrosian, Tigran L"]
[Result "1-0"]
[WhiteElo "2623"]
[BlackElo "2568"]
[Annotator "Gofshtein,L"]
[PlyCount "51"]
[EventDate "2005.02.15"]
[EventType "swiss"]
[EventRounds "9"]
[EventCountry "RUS"]
[SourceTitle "CBM 106"]
[Source "ChessBase"]
[SourceDate "2005.06.06"]
[SourceVersion "1"]
[SourceVersionDate "2005.06.06"]
[SourceQuality "1"]

1. e4 c5 2. Ne2 d6 3. d4 cxd4 4. Nxd4 Nf6 5. f3 e5 6. Nb3 d5 (6... Be6 7. c4 {
die eigentliche Idee von 5.f3 (5.Sc3 verstellt den weißen c-Bauern, so dass
der Maroczyaufbau unmöglich wird).} a5 8. Be3 Be7 9. Nc3 a4 10. Nd2 Qa5 11. Nd5
$146 (11. Be2 O-O 12. Rb1 (12. O-O Rc8 13. Nd5 Bd8 14. b4 axb3 15. axb3 Qxa1
16. Qxa1 Rxa1 17. Rxa1 Nc6 18. Kf1 $14 {1/2-1/2 Short,N-Lutz,C/Porz GER 1998 
(41)}) 12... Rc8 (12... Nbd7 13. Nb5 Rfc8 14. O-O Ne8 15. b4 axb3 16. axb3 Qd8
$14 {1-0 Gara,A-Madl,I/Budapest HUN 2000/The Week in Chess 299 (46)}) 13. O-O
Nbd7 14. Kh1 h6 15. Nb5 (15. f4 $5) 15... Ne8 16. b4 axb3 17. axb3 Qb4 18. f4
$11 {1-0 Varga,Z-Petrosian,A/Dortmund GER 2000/The Week in Chess 297 (34). (33)
}) 11... Nxd5 12. cxd5 Bd7 13. Be2 O-O 14. O-O $14 {0-1 Nevostrujev,V-Timofeev,
A/Krasnodar 2002/CBM 091/[Mueller,Karsten] (37)}) (6... a5 7. a4 (7. Bb5+ Nc6
8. Nc3 Be7 9. Be3 O-O 10. O-O Be6 $132 {1/2-1/2 Short,N-Ivanchuk,V/Skanderborg
2003/ (17)}) (7. Nc3 Be7 8. Bb5+ Bd7 9. a4 Nc6 10. Be3 O-O 11. O-O Be6 12. Nd5
Bxd5 13. exd5 Nb4 14. c4 Nh5 15. Qd2 $16 {1/2-1/2 Magem Badals,J-Borovikov,V/
Pamplona 2003/ (15)}) (7. c4 a4 8. N3d2 Nc6 9. Nc3 a3 10. b3 Qb6 11. Ndb1 Be7
12. Be2 O-O 13. Na4 Rxa4 14. bxa4 Nd4 15. Nc3 $16 {1-0 Mastrovasilis,D-Petraki,
M/Kavala 2004/ (30)}) 7... Nc6 8. Bb5 Be7 9. c4 O-O 10. Be3 Na7 (10... Be6 11.
Nc3 Nb4 12. O-O Rc8 13. Qe2 $14) 11. Nc3 Be6 12. Qd3 Nh5 (12... Nxb5 $5 13.
axb5 Nh5 14. g3 Bg5 15. Bf2 f5 $13) 13. g3 f5 14. Nd2 (14. Nd5 Nxb5 15. Bb6
fxe4 16. fxe4 Qd7 $132) 14... fxe4 15. fxe4 Bg5 (15... Nxb5 16. axb5 Nf6 $11)
16. O-O-O (16. Bxa7 Rxa7 17. Nf3 Be7 18. O-O Ra8 $11) 16... Bxe3 17. Qxe3 Nf6
$132 {1-0 McShane,L-Ponomariov,R/Biel 2004/CBM 102/[Ftacnik] (43)}) (6... Be7
7. c4 a5 $1 $146 (7... O-O {- 57/(194)}) 8. Be3 a4 9. N3d2 Qa5 10. Be2 (10. Nc3
$5) 10... Bd8 (10... O-O 11. O-O Bd8 12. Rf2 Bb6 13. Nf1 Bc5 $11) 11. Nc3 $1 a3
$2 (11... Bb6 $2 12. Bxb6 Qxb6 13. Nxa4) (11... O-O $1 12. c5 $5 dxc5 13. Nc4
Qc7 14. Qd6 $44) (11... Bd7 $6 12. c5 dxc5 13. Nc4 $40) 12. b4 $1 Qxb4 13. Nb5
O-O 14. Rb1 Qa5 15. Nxd6 $1 (15. Rb3 Ra6 $1 {[]} 16. Rxa3 Qb4 17. Qb3 Qxb3 18.
axb3 Rxa3 19. Nxa3 Ba5 $11) 15... Qc7 16. Nb5 Qc6 17. Nc3 $1 Nh5 18. g3 Qg6 19.
Nd5 $16 {Zvjaginsev,V-Novikov,I/Luzern 71/(204) 1997/Inf 71/[Zvjaginsev,V] (19)
}) 7. Bg5 Be6 {Black also has another possibility in this position. After 7...
d4 white got a clear edge in the game given below. Probably black's play could
be improved, for example, 12...Bb4 deserves attention with an unclear game} (
7... d4 8. c3 Nc6 9. Bb5 Qb6 10. Bxc6+ bxc6 11. cxd4 Ba6 12. dxe5 Rd8 13. Qc1
h6 14. Be3 $16 {1-0 Khavin,A-Veresov,G/Moscow 1944/URS-ch (55)}) 8. Bxf6 (8.
exd5 $6 Qxd5 9. N1d2 Nbd7 $132 {0-1 Khavin,A-Gerstenfeld,E/Kiev 1940/HCL (41)})
8... gxf6 (8... Qxf6 9. exd5 Bd7 10. N1d2) 9. exd5 Bxd5 {9...Qd5 deserves
attention and as the game given below shows black can stubbornly defend} (9...
Qxd5 $5 10. Qxd5 Bxd5 11. Nc3 Be6 12. O-O-O Nd7 13. Nd5 O-O-O 14. Bb5 f5 15.
Rhe1 $14 {1/2-1/2 Kobalija,M-Palac,M/Chalkidiki 2002/CBM 092 (68)}) 10. Nc3 Bb4
11. Qd3 (11. Qd2 Be6 12. Qxd8+ Kxd8 13. O-O-O+ Kc7 14. Nd5+ Bxd5 15. Rxd5 Nd7
16. Bd3 Rag8 17. g3 h5 18. Be4 b6 19. Rhd1 $16 {1-0 Nisipeanu,
L-Azmaiparashvili,Z/Pune 2004/CBM 104 no vc (51)}) 11... Bxc3+ $146 {[%mdl 8]
11...Be6 transposes to a position which arose later where white has a clear
advantage} 12. Qxc3 Be6 $6 {An inaccuracy after which white seizes the
initiative. 12...Nd7 was essential, in order to finish the development as
quickly as possible} (12... Nd7 $5 13. O-O-O Rc8 14. Qb4 Qb6) 13. Bb5+ $16 Kf8
14. Nc5 Kg7 15. f4 $1 {[%cal Rf4e5,Rc3e5] White opens the position and trying
to reach the opponent's king} exf4 16. O-O {[%cal Rf1f4,Rc3f6]} Qb6 17. Rxf4
Rc8 (17... Qxb5 18. Nxe6+ fxe6 19. Qxf6+ Kg8 20. Qf8#) 18. b4 {[%cal Rc3f6,
Rf4f6] Protecting the knight and continuing the offense on the black king} Kg8
19. Qxf6 Qxb5 {The lesser evil, but anyway white keeps a decisive advantage} (
19... Rxc5 20. bxc5 Qxb5 21. Qg5+ Kf8 22. Qe5 Kg8 23. Rf3 Qd7 24. Rd3 Qe8 25.
Rg3+ Kf8 26. Qd6+ Qe7 27. Rg8+ $18) 20. Qg5+ Kh8 21. Nxe6 Qxg5 22. Nxg5 Nc6 (
22... Kg8 23. Raf1 h6 24. Nxf7 Rxc2 25. Nxh6+ $18) 23. Rxf7 Re8 24. Rxb7 $18 h5
25. h4 Nb8 26. Nf7+ 1-0

[Event "Petrov Memorial op"]
[Site "St Petersburg"]
[Date "1996.??.??"]
[Round "8"]
[White "Rublevsky, Sergei"]
[Black "Sulskis, Sarunas"]
[Result "1/2-1/2"]
[WhiteElo "2610"]
[BlackElo "2505"]
[Annotator "Hecht,H"]
[PlyCount "85"]
[EventDate "1996.02.??"]
[EventType "swiss"]
[EventRounds "9"]
[EventCountry "RUS"]
[SourceTitle "CBM 052"]
[Source "ChessBase"]
[SourceDate "1996.06.01"]
[SourceVersion "1"]
[SourceVersionDate "1996.06.01"]
[SourceQuality "1"]

1. e4 c5 2. Nf3 d6 3. d4 cxd4 4. Nxd4 Nf6 5. f3 e5 6. Nb3 d5 7. Bg5 Be6 8. Bxf6
gxf6 9. exd5 Bxd5 10. Nc3 Bb4 11. Qd3 Bxc3+ 12. Qxc3 Bxb3 13. Rd1 Nd7 14. axb3
Qb6 15. Bc4 Rd8 16. Ke2 Ke7 17. Rd2 Nb8 18. Bd5 Rhg8 19. g3 Nc6 20. Bxc6 Rxd2+
21. Qxd2 Qxc6 {DT-DT: beide Könige im Zentrum, weiße Angriffsversuche,
Dauerschach nach Gegendrohungen} 22. Rd1 Rc8 23. Qb4+ Ke6 24. c3 f5 25. Rd2 f6
26. Rd3 b6 27. Qh4 Rc7 28. g4 f4 29. Qh5 Rg7 30. c4 (30. Rd8 Ke7 31. Rh8 Qc5
$132) 30... Ke7 31. Qf5 Ke8 32. h4 Re7 33. Qh5+ Rf7 34. Rd8+ Ke7 35. Rb8 Qc7
36. Ra8 b5 37. g5 f5 38. g6 hxg6 39. Qxg6 Qc5 40. Qg5+ Rf6 41. Qg7+ Rf7 42.
Qg5+ Rf6 43. Qg7+ 1/2-1/2